Your baby

Detalles Bibliográficos
Nuevo Título:Today's parent, baby & toddler.
Formato: Electrónico Revista
Lenguaje:inglés
Publicado: [Toronto : Chatelaine's New Mother = Mère nouvelle Chatelaine, 1991-1999?]
Materias:
Acceso en línea:Full text available from Research Library: 10/01/1998 to 10/31/1999

MARC

LEADER 00000nas a22000007a 4500
001 ssj0024725
003 WaSeSS
005 20200512172242.0
006 m d
007 cr n
008 920723d19911999onctr p s 0 a0eng
010 |a cn 92031708  
015 |a 920317081  |2 can 
016 |a (AMICUS)000011377963 
016 |a 920317081 
022 |y 1188-2360 
035 |a (WaSeSS)ssj0024725 
040 |a NLC  |b eng  |c NLC  |d TOH  |d OCLCF  |d U3G  |d WaSeSS 
042 |a nlc  |a isds/c 
055 0 1 |a RJ61 
082 1 |a 649  |2 12 
084 |a cci1icc  |2 lacc 
130 0 |a Your baby (Toronto, Ont.) 
210 0 |a Your baby 
222 0 |a Your baby 
245 1 0 |a Your baby  |h [electronic resource]. 
260 |a [Toronto :  |b Chatelaine's New Mother = Mère nouvelle Chatelaine,  |c 1991-1999?] 
310 |a 3 times a year,  |b 199--1999? 
321 |a Semiannual,  |b 1991-199-; 
362 0 |a [No. 1]- 
362 1 |a Ceased with v. 9, no. 2 (autumn 1999)? 
500 |a Title from cover. 
500 |a At head of title: Chatelaine new mother, 1991-199-; Today's parent, 199--1999? 
506 |a License restrictions may limit access. 
550 |a Published: Today's Parent Group, 199--1999? 
650 0 |a Infants  |x Care  |v Periodicals. 
650 0 |a Child rearing  |v Periodicals. 
650 7 |a Child rearing.  |2 fast  |0 (OCoLC)fst00854588 
650 7 |a Infants  |x Care.  |2 fast  |0 (OCoLC)fst00972108 
655 0 |a Electronic journals. 
775 0 |t Mon enfant (Toronto, Ont.)  |d [Toronto : Mère nouvelle Chatelaine = Chatelaine New Mother, 1991]-2009.  |e fre  |f onc  |x 1188-2379  |w (CaOONL) 92031709X  |w (DLC)cn 92031709  |w (OCoLC)26245073 
785 0 0 |t Today's parent, baby & toddler.  |d Toronto : Today's Parent Group, 2000-[2013?]  |x 1498-2625  |w (CaOONL)20013006738  |w (OCoLC)47110992  |w (DLC)cn2001300673 
856 4 0 |z Full text available from Research Library: 10/01/1998 to 10/31/1999  |u https://search.proquest.com/publication/25805